[Event "UK-ch Blitz-B"]
[Site "Leamington Spa"]
[Date "2023.12.02"]
[Round "9.5"]
[White "Briggs, Irina"]
[Black "Bhatia, Kanishka"]
[Result "0-1"]
[WhiteElo "1560"]
[BlackElo "1768"]
[PlyCount "69"]
[EventDate "2023.12.02"]
[EventType "tourn (blitz)"]
[EventRounds "15"]
[EventCountry "ENG"]
[SourceTitle "CB50_2023"]
[SourceDate "2023.12.13"]
[SourceVersion "1"]
[SourceVersionDate "2023.12.13"]
[SourceQuality "1"]

1. e4 c6 2. d4 d5 3. e5 c5 4. c3 Nc6 5. Nf3 Bg4 6. Be2 e6 7. Be3 Qb6 8. Qb3 c4 9. Qxb6 axb6 10. Nbd2 b5 11. 0-0 h6 12. h3 Bxf3 13. Nxf3 Nge7 14. g4 Nc8 15. a3 Nb6 16. Bd1 Be7 17. Bc2 Kd7 18. Kg2 Ra7 19. Nd2 Rha8 20. Nb1 b4 21. cxb4 Nxb4 22. axb4 Rxa1 23. Nc3 Rxf1 24. Kxf1 Bxb4 25. Nb5 Kc6 26. Nc3 Ra1+ 27. Ke2 Bxc3 28. bxc3 Ra3 29. Bd2 Na4 30. Bxa4+ Rxa4 31. Ke3 b5 32. f4 g6 33. h4 h5 34. gxh5 gxh5 35. Ke2 0-1

[Event "UK-ch Blitz-B"]
[Site "Leamington Spa"]
[Date "2023.12.02"]
[Round "1.6"]
[White "Kong, Emma"]
[Black "Briggs, Irina"]
[Result "1/2-1/2"]
[WhiteElo "1269"]
[BlackElo "1560"]
[PlyCount "89"]
[EventDate "2023.12.02"]
[EventType "tourn (blitz)"]
[EventRounds "15"]
[EventCountry "ENG"]
[SourceTitle "CB50_2023"]
[SourceDate "2023.12.13"]
[SourceVersion "1"]
[SourceVersionDate "2023.12.13"]
[SourceQuality "1"]

1. d4 d5 2. c4 e6 3. Nc3 Nf6 4. Bg5 Be7 5. e3 0-0 6. Nf3 h6 7. Bh4 Nbd7 8. cxd5 Nxd5 9. Bxe7 Qxe7 10. Nxd5 exd5 11. Rc1 c6 12. Bd3 Nf6 13. h3 Qb4+ 14. Qd2 Qxd2+ 15. Nxd2 Be6 16. Nb3 Nd7 17. 0-0 Rac8 18. Rfe1 f5 19. f3 Rf6 20. Na5 Rb8 21. Rc3 Nb6 22. Nb3 Nd7 23. Nc5 Nxc5 24. Rxc5 Bd7 25. Rc3 g6 26. Rec1 Kg7 27. Rb3 Rff8 28. Re1 a6 29. e4 fxe4 30. fxe4 dxe4 31. Bxe4 Bf5 32. Rbe3 Rf7 33. Bxf5 gxf5 34. Rf1 Kg6 35. Re6+ Kg7 36. Re5 Kg6 37. h4 h5 38. Re6+ Kg7 39. Rfe1 Rbf8 40. Rd6 Rf6 41. Rd7+ R6f7 42. Rxf7+ Rxf7 43. Re5 Kg6 44. Re6+ Kg7 45. Kf2 1/2-1/2

[Event "UK-ch Blitz-B"]
[Site "Leamington Spa"]
[Date "2023.12.02"]
[Round "14.5"]
[White "Sivanandan, Bodhana"]
[Black "Briggs, Irina"]
[Result "1-0"]
[WhiteElo "1944"]
[BlackElo "1560"]
[PlyCount "51"]
[EventDate "2023.12.02"]
[EventType "tourn (blitz)"]
[EventRounds "15"]
[EventCountry "ENG"]
[SourceTitle "CB50_2023"]
[SourceDate "2023.12.13"]
[SourceVersion "1"]
[SourceVersionDate "2023.12.13"]
[SourceQuality "1"]

1. e4 e5 2. Nf3 Nc6 3. Nc3 Nf6 4. d4 exd4 5. Nxd4 Nxd4 6. Qxd4 d6 7. Bf4 Qe7 8. 0-0-0 Be6 9. Bb5+ Bd7 10. Bxd7+ Nxd7 11. Nd5 Qd8 12. e5 dxe5 13. Bxe5 f6 14. Nxc7+ Kf7 15. Qxd7+ Qxd7 16. Rxd7+ Kg6 17. Nxa8 fxe5 18. Rd8 h6 19. Rhd1 Kh7 20. Nc7 Be7 21. Rxh8+ Kxh8 22. Rd7 Bg5+ 23. Kd1 Bf6 24. Nd5 Kg8 25. Nxf6+ gxf6 26. Rxb7 1-0